Differential calculus / (Record no. 152608)

MARC details
000 -LEADER
fixed length control field 00660nam a22002297a 4500
005 - DATE AND TIME OF LATEST TRANSACTION
control field 20180608131134.0
008 - FIXED-LENGTH DATA ELEMENTS--GENERAL INFORMATION
fixed length control field 180608b xxu||||| |||| 00| 0 eng d
010 ## - LCCN (DPL NO)
LC control number A-937992
020 ## - INTERNATIONAL STANDARD BOOK NUMBER
Terms of availability 0.00
International Standard Book Number 8122411460
035 ## - SYSTEM CONTROL NUMBER
System control number A-937992
037 ## - SOURCE OF ACQUISITION
Source of stock number/acquisition BPPD/PUB
040 ## - CATALOGING SOURCE
Original cataloging agency dpl
Language of cataloging English
082 ## - DEWEY DECIMAL CLASSIFICATION NUMBER
Classification number 515.33
100 ## - MAIN ENTRY--PERSONAL NAME
Personal name Dhami, H. S.
245 ## - TITLE STATEMENT
Title Differential calculus /
Statement of responsibility, etc by H. S. Dhami
260 ## - PUBLICATION, DISTRIBUTION, ETC. (IMPRINT)
Place of publication, distribution, etc New Delhi
Name of publisher, distributor, etc New Age International
Date of publication, distribution, etc 1998
270 ## - ADDRESS
City Delhi
Address 4835/24, Ansari Road, Daryaganj`
Postal code 110002
300 ## - PHYSICAL DESCRIPTION
Extent xv, 400p.
Dimensions 24cm (Hb)
500 ## - GENERAL NOTE
General note Index
650 ## - SUBJECT ADDED ENTRY--TOPICAL TERM
Topical term or geographic name as entry element Differential calculus
942 ## - ADDED ENTRY ELEMENTS (KOHA)
Source of classification or shelving scheme Dewey Decimal Classification
Item type English Books
Call number suffix DHA
Classification part 515.33
Holdings
Withdrawn status Lost status Source of classification or shelving scheme Damaged status Not for loan Collection code Home library Current library Date acquired Source of acquisition Cost, normal purchase price Total Checkouts Full call number Barcode Date last seen Cost, replacement price Koha item type
    Dewey Decimal Classification     Non-fiction Shahdara Branch Shahdara Branch 08/06/2018 BPPD/PUB 0.00 1 515.33 DHA A-937992 24/09/2018 0.00 English Books

© Delhi Public Library
Hit Counter
free hit counter